000
00274nam a2200121Ia 4500
005
20251222144649.0
008
251222s9999||||xx |||||||||||||| ||spa||
082
_a
256.1/E34
100
_a
Eisenhofer, Luis
245
0
_a
Liturgia católica
264
_b
Herder
942
_c
LIB
999
_c
16983
_d
16983